सून्य मिनट मे टाइम मैनेजमेंट (Record no. 67405)
[ view plain ]
| 000 -LEADER | |
|---|---|
| fixed length control field | 00404nam a22001097a 4500 |
| 082 ## - DEWEY DECIMAL CLASSIFICATION NUMBER | |
| Classification number | 080 |
| 100 ## - MAIN ENTRY--AUTHOR NAME | |
| Personal name | प्रसाद ढापरे |
| 245 ## - TITLE STATEMENT | |
| Title | सून्य मिनट मे टाइम मैनेजमेंट |
| 260 ## - PUBLICATION, DISTRIBUTION, ETC. (IMPRINT) | |
| Place of publication | पुणे |
| Name of publisher | मायमिरर पब्लिशिंग हाउस |
| Year of publication | 2024 |
| 650 ## - SUBJECT ADDED ENTRY--TOPICAL TERM | |
| Topical Term | सामान्य वर्ग |
| 942 ## - ADDED ENTRY ELEMENTS (KOHA) | |
| Koha item type | Hindi Books |
| Withdrawn status | Lost status | Damaged status | Not for loan | Home library | Current library | Date acquired | Cost, normal purchase price | Full call number | Accession Number | Price effective from | Koha item type |
|---|---|---|---|---|---|---|---|---|---|---|---|
| MACL | MACL | 22/10/2024 | 225.00 | 080 | DPI002778 | 22/10/2024 | Hindi Books |









